Το ναυτικόν δίκαιον της Υδρας, 1757-1821
Saved in:
| Main Author: | |
|---|---|
| Format: | Book |
| Language: | Greek |
| Published: |
Αθήναι :
Τυπογραφείον Καλλέργη,
1939.
|
| Subjects: | |
| Tags: |
Add Tag
No Tags, Be the first to tag this record!
|
MARC
| LEADER | 00000cam a2200000 i 4500 | ||
|---|---|---|---|
| 001 | 1/4342 | ||
| 008 | 000526s1939 gre d | ||
| 035 | |l 10061150 | ||
| 040 | |a GR-MY-UA |b gre |e aacr | ||
| 041 | 0 | |a gre | |
| 082 | 0 | |a 343.096 | |
| 100 | 1 | |a Μανιατόπουλος, Ιωάννης Π. | |
| 245 | 1 | 3 | |a Το ναυτικόν δίκαιον της Υδρας, 1757-1821 / |c Ιωάννου Περ. Μανιατόπουλου. |
| 260 | |a Αθήναι : |b Τυπογραφείον Καλλέργη, |c 1939. | ||
| 300 | |a 134 σ. ; |c 24 εκ. | ||
| 500 | |a Αρχικά παρουσιάστηκε ως διατριβή (διδακτορική) του συγγραφέα. Εγκρίθηκε από την Νομική Σχολή του Πανεπιστημίου Θεσσαλονίκης. | ||
| 506 | 1 | |a Μόνο για ανάγνωση. |c Βρίσκεται σε ειδική συλλογή. Διαθέσιμο εάν ζητηθεί. | |
| 650 | 0 | 0 | |a Maritime law |z Greece |z Hydra Island. |
| 651 | 0 | |a Hydra Island (Greece) |x History |y 1757-1821. | |
| 651 | 0 | |a Hydra Island (Greece) |x Social life and customs. | |
| 852 | |a INST |b LESVOS |e 20000526 |h 343.096 ΜΑΝ |p 005100020998 |q 005100020998 |t BK |y 600 | ||
| 901 | |a BIBL1-2000-2 | ||
| 909 | |a Λ |b 043851 | ||
| 970 | |a 2000/05/ΔΕΜΕΝΑΓΑΣ (ELIDOC) | ||